[Event "ARG-chT ART Semillero U21 Girls"]
[Site "Villa Martelli"]
[Date "2017.05.13"]
[Round "1"]
[White "Flores, Nancy"]
[Black "Alvarez Brito, Malena"]
[Result "1-0"]
[WhiteElo "2056"]
[BlackElo "1758"]
[PlyCount "53"]
[EventDate "2017.05.13"]
[EventType "team-tourn"]
[EventRounds "7"]
[EventCountry "ARG"]
[SourceTitle "EXT 2018"]
[Source "ChessBase"]
[SourceDate "2017.10.13"]
[SourceVersion "1"]
[SourceVersionDate "2017.10.13"]
[SourceQuality "1"]
[WhiteTeam "Ferro Carril Oeste U21 Girls"]
[BlackTeam "Club Argentino U21 Girls"]
[WhiteTeamCountry "ARG"]
[BlackTeamCountry "ARG"]

1. c4 Nf6 2. Nc3 d6 3. g3 g6 4. Bg2 Bg7 5. e4 0-0 6. Nge2 c6 7. 0-0 Qc7 8. h3 Nbd7 9. d3 Rd8 10. Be3 Nf8 11. Rc1 Be6 12. b4 Qd7 13. Nf4 Ne8 14. d4 Bxc4 15. Re1 b5 16. a4 a6 17. d5 a5 18. dxc6 Qxc6 19. Nfd5 Qb7 20. Nb6 Rab8 21. Nxc4 bxc4 22. Nd5 Rbc8 23. Bf1 c3 24. Qb3 Ne6 25. Rxc3 Rxc3 26. Qxc3 Rc8 27. Qxc8 1-0

[Event "ARG-ch (Women)"]
[Site "Buenos Aires"]
[Date "2015.09.11"]
[Round "8"]
[White "Fantini, Daniela Alejand"]
[Black "Alvarez Brito, Malena"]
[Result "1-0"]
[WhiteElo "1978"]
[BlackElo "1713"]
[PlyCount "97"]
[EventDate "2015.09.04"]
[EventType "swiss"]
[EventRounds "8"]
[EventCountry "ARG"]
[SourceTitle "EXT 2016"]
[Source "ChessBase"]
[SourceDate "2015.10.08"]
[SourceVersion "1"]
[SourceVersionDate "2015.10.08"]
[SourceQuality "1"]

1. e4 e6 2. d3 d5 3. Nd2 Nf6 4. g3 Bc5 5. Bg2 0-0 6. h3 dxe4 7. dxe4 Nc6 8. Ngf3 Nh5 9. Nh2 Bxf2+ 10. Kxf2 Qd4+ 11. Ke1 Qe3+ 12. Qe2 Qxe2+ 13. Kxe2 Nxg3+ 14. Kf2 Nxh1+ 15. Bxh1 Nb4 16. Nb3 Nxc2 17. Rb1 e5 18. Nf3 f6 19. Bd2 Rd8 20. Rc1 Nd4 21. Nbxd4 exd4 22. Rxc7 Bxh3 23. e5 fxe5 24. Nxe5 Be6 25. Bxb7 Rf8+ 26. Kg3 Rae8 27. a4 Bb3 28. Nd3 Re2 29. Bf4 Rfe8 30. Bf3 R2e7 31. Rxe7 Rxe7 32. a5 h6 33. Nb4 g5 34. Bd2 Bc4 35. Nc6 Rc7 36. Nxd4 Rd7 37. Bc3 h5 38. Bxh5 Rh7 39. Kg4 Rd7 40. Kxg5 Rd5+ 41. Kg4 Bd3 42. Be8 a6 43. Bc6 Rd6 44. b4 Kf7 45. Kf4 Bc4 46. Ke5 Rd8 47. b5 axb5 48. Nxb5 Kg6 49. a6 1-0